Mozarts große Europareise auf einer Karte - Statistiken

Allgemein
  • Dieses Quiz wurde 2.912 mal gespielt
  • Das Durchschnittsergebnis liegt bei 16 aus 23
Antworten auf der Karte
Die Antworten werden auf der Karte rot bzw. grün angezeigt, abhängig davon wie oft sie richtig erraten wurden.
 
Antwortstatistiken
Antwort % Korrekt
Paris
98%
London
97%
Amsterdam
96%
München
96%
Brüssel
94%
Köln
91%
Salzburg
89%
Zürich
88%
Frankfurt
87%
Lyon
78%
Mainz
72%
Den Haag
69%
Antwerpen
65%
Genf
61%
Mannheim
59%
Dover
58%
Calais
57%
Gent
45%
Lille
41%
Lüttich
41%
Utrecht
39%
Dijon
27%
Haarlem
20%
Keine übereinstimmenden Quizze gefunden
Verteilung der Resultate
Anzahl Personen mit jedem Resultat
Perzentil nach korrekt beantworteten Fragen
Ihre Resultats-Entwicklung
Sie haben dieses Quiz noch nicht gespielt